000 00931nam a2200241 a 4500
001 000035591
005 20200930074445.0
008 111103s2011 dr 001 0 spa d
020 _a9789945879810
040 _aDO-SdBNP
_bspa
_cBNPHU
082 _a618.19
_bP121s
100 1 _aPacsi, Alsacia L.
_961490
245 1 0 _aSus voces :
_bun estudio de las experiencias vividas por mujeres dominicanas con cáncer de mama en estado avanzado /
_cAlsacia L.Pacsi ; traductor Carlos Almánzar.
260 _aSanto Domingo :
_bNomara,
_c[2011].
300 _a137 p. ;
_c22 cm.
500 _aIncluye datos biográficos de la autora en la solapa.
504 _aBibliografía: p.125-137.
590 _aInventariado,2018/DG
650 4 _aEnfermedades de la mama
_xInvestigaciones
_961491
650 4 _aNeoplasmas de la mama
_xInvestigaciones
_961492
700 1 2 _aAlmánzar, Carlos,
_etr.
_961493
910 _aValidado. Control de calidad EMS
999 _c35082
_d35082